| 000 | 01817nam a2200241Ia 4500 | ||
|---|---|---|---|
| 999 |
_c51748 _d51748 |
||
| 001 | 18740 | ||
| 003 | GE_BSU | ||
| 005 | 20220920105940.0 | ||
| 008 | 181216s2012||||ge |||||||||||||| ||geo|| | ||
| 040 | _cGE_BSU | ||
| 041 | _ageo | ||
| 080 | _a61 გ-96 | ||
| 100 |
_aგურგენიძე, თამარ _911678 |
||
| 245 |
_aულტრასონოგრაფიული კვლევა ტერფის სახსრების და პარაარტიკულარული რბილი ქსოვილების დაზიანებების დიფერენციულ დიაგნოსტიკაში : დისერტაცია / _cთამარ გურგენიძე; სამეცნიერო ხელმძღვანელი: მალხაზ მიზანდარი; თბილისის სახელმწიფო სამედიცინო უნივერსიტეტი. |
||
| 264 |
_aთბილისი, _c2012. |
||
| 300 |
_a194 გვ.; _b30 სმ. |
||
| 653 | _aდისერტაცია | ||
| 653 | _aმედიცინა | ||
| 653 | _aულტრასონოგრაფიული კვლევა ტერფის სახსრების და პარაარტიკულარული რბილი ქსოვილების დაზიანებების დიფერენციულ დიაგნოსტიკაში | ||
| 700 |
_aმიზანდარი, მალხაზ _eსამეცნიერო ხელმძღვანელი _911679 |
||
| 710 |
_aთბილისის სახელმწიფო სამედიცინო უნივერსიტეტი _911680 |
||
| 942 |
_cBK _2udc |
||